State and constitutionalism in Sourthen Africa / (Record no. 155248)

MARC details
000 -LEADER
fixed length control field 00866nam a2200265 a 4500
008 - FIXED-LENGTH DATA ELEMENTS--GENERAL INFORMATION
fixed length control field
020 ## - INTERNATIONAL STANDARD BOOK NUMBER
International Standard Book Number 1779050771 (pPaperback)
040 ## - CATALOGING SOURCE
Original cataloging agency NUST
Transcribing agency NUST
049 ## - LOCAL HOLDINGS (OCLC)
Holding library MAIN
090 00 - LOCALLY ASSIGNED LC-TYPE CALL NUMBER (OCLC); LOCAL CALL NUMBER (RLIN)
Classification number (OCLC) (R) ; Classification number, CALL (RLIN) (NR) KQC524
Local cutter number (OCLC) ; Book number/undivided call number, CALL (RLIN) STA
003 - CONTROL NUMBER IDENTIFIER
control field
005 - DATE AND TIME OF LATEST TRANSACTION
control field 20230123133825.0
245 00 - TITLE STATEMENT
Title State and constitutionalism in Sourthen Africa /
Statement of responsibility, etc. edited by Owen Sichone
260 ## - PUBLICATION, DISTRIBUTION, ETC.
Place of publication, distribution, etc. Harare :
Name of publisher, distributor, etc. SAPES Trust,
Date of publication, distribution, etc. 1991
300 ## - PHYSICAL DESCRIPTION
Extent iii, 90 p. ;
Dimensions 22 cm
440 #0 - SERIES STATEMENT/ADDED ENTRY--TITLE
Title Southern Africa political economy series
500 ## - GENERAL NOTE
General note Includes index
504 ## - BIBLIOGRAPHY, ETC. NOTE
Bibliography, etc. note Includes bibliographical references
650 #0 - SUBJECT ADDED ENTRY--TOPICAL TERM
Topical term or geographic name entry element Constitutional history
Geographic subdivision Africa
General subdivision Congresses
650 #0 - SUBJECT ADDED ENTRY--TOPICAL TERM
Topical term or geographic name entry element Democracy
Geographic subdivision Africa
General subdivision Congresses
651 #0 - SUBJECT ADDED ENTRY--GEOGRAPHIC NAME
Geographic name Africa
General subdivision Politics and government
Chronological subdivision 1960-
General subdivision Congresses
700 ## - ADDED ENTRY--PERSONAL NAME
Personal name Sichone, Owen
907 ## - LOCAL DATA ELEMENT G, LDG (RLIN)
a .b10136010
b 06-04-22
c 14-09-04
942 ## - ADDED ENTRY ELEMENTS (KOHA)
Koha item type Ordinary Loan Books
Call number prefix KQC524
Call number suffix STA
Holdings
Date last seen Total Checkouts Full call number Barcode Cost, replacement price Price effective from Koha item type Lost status Source of classification or shelving scheme Damaged status Not for loan Collection Withdrawn status Home library Current library Shelving location Date acquired Cost, normal purchase price
01/23/2023 18 KQC524 STA 92003030377 80.00 01/23/2023 BOOKS   LCC   1 NFIC   MAIN MAIN GEN 01/23/2023 80.00